Yayoi Kusama
Saved in:
| Main Author: | |
|---|---|
| Other Authors: | , |
| Format: | Book |
| Language: | English |
| Published: |
London :
Phaidon,
c2000
|
| Series: | Contemporary artists
|
| Subjects: | |
| Tags: |
Add Tag
No Tags, Be the first to tag this record!
|
MARC
| LEADER | 00000nam a2200000 i 4500 | ||
|---|---|---|---|
| 001 | 1/19608 | ||
| 008 | 010521s2000 eng d | ||
| 020 | |a 0-7148-3920-5 | ||
| 035 | |l 10066913 | ||
| 040 | |a GR-MY-UA |b gre |e aacr | ||
| 041 | 0 | |a eng | |
| 082 | 0 | |a 700.92 |2 (22) | |
| 100 | 1 | |a Hoptman, Laura J. |d 1962- | |
| 245 | 1 | 0 | |a Yayoi Kusama / |c Laura Hoptman, Akira Tatehata, Udo Kultermann |
| 260 | |a London : |b Phaidon, |c c2000 | ||
| 300 | |a 160 σ.; |b εικ.; |c 29 εκ. | ||
| 490 | 1 | |a Contemporary artists | |
| 504 | |a Περιλαμβάνει βιβλιογραφικές παραπομπές | ||
| 600 | 1 | 0 | |a Kusama Yayoi |d 1929- |x Criticism and interpretation. |
| 650 | 0 | 0 | |a Sculpture, Japanese |y 20th century. |
| 650 | 0 | 0 | |a Art, Japanese |y 20th century. |
| 700 | 1 | |a Tatehata, Akira |d 1947- | |
| 700 | 1 | |a Kultermann, Udo. | |
| 830 | 0 | |a Contemporary artists | |
| 852 | |a INST |b SYROS |e 20010521 |h 700.92 KUS |p 005500001282 |q 005500001282 |t BK |y 0 | ||
| 901 | |a BIBL5-2001-2 | ||
| 909 | |a Ε |b 086837 | ||
| 922 | |a 5ΕΛΗ |b 200105 |c ΓΡΑΦΙΚΩΝ ΤΕΧΝΩΝ |d LEADERBOOKS | ||
| 970 | |a ΚΟΝΤΟΥ |b ΠΑΡΑΣΚΕΥΗ |z 2001/05/21 | ||